• 首页
  • 本馆介绍
  • 公告通知
  • 最新文献
  • 馆藏检索
  • 电子资源
  • 读者导购
  • 参考咨询
  • 我的图书馆
  • 登录
  • 详细信息显示
  • 放入我的书架
  • 预约/预借图书
  • 作者相关作品
  • 分类相关作品
  • 丛书相关作品
  • 出版社相关作品

书目信息

  • 表格格式
  • 工作单格式
  • 卡片格式
题名:
古文字与上古汉语研究论稿
    
 
作者: 张连航 著
分册:  
出版信息: 北京   中国社会科学出版社  2014.12
页数: 266页
开本: 26cm
丛书名:
单 册:
中图分类: H109.2-53 , H121-53
科图分类:
主题词: 古文字--gu wen zi--语言学--研究 , 语言学--yu yan xue , 研究--yan jiu
电子资源:
ISBN: 978-7-5161-4936-2
000 01281nam0 22002771 450
001 0124140149
005 20170324140149.0
010    @a978-7-5161-4936-2@dCNY56.00
100    @a20150206d2014 em y0chiy50 ea
101 0  @achi
102    @aCN@b110000
105    @ay a 000yy
106    @ar
200 1  @a古文字与上古汉语研究论稿@9gu wen zi yu shang gu han yu yan jiu lun gao@f张连航著
210    @a北京@c中国社会科学出版社@d2014.12
215    @a266页@d26cm
320    @a有书目 (第258-266页)
330    @a本书研究的主题是古文字与上古汉语。严格来说是研究古文字材料中所发现上古汉语的某些特征,让我们对上古汉语的特点有更多、更全面的认识。全书共分六章,分别讨论古文字考释、古文字材料与时代、国别的关系。这三章主要突出了古文字材料的时空坐标,以及古文字材料如何被初步的释读与研究。书稿还讨论了从古文字材料中所反映的文化语言现象,以及透过上述章节的梳理,所作出的推论及拟测。最后,全书以讨论工具书与古文字研究的关系作结。全书所讨论的古文字材料,年代跨度非常大。起自商代晚期(公元前13至汉代初年(公元前100年)。
606 0  @a古文字@9gu wen zi@x语言学@x研究
606 0  @a语言学@9yu yan xue
606 0  @a研究@9yan jiu
690    @aH109.2-53@v5
690    @aH121-53@v5
701  0 @a张连航@9zhang lian hang@4著
801  0 @aCN@bTANGWEI@c20170308
905    @b0961910-2@dH109.2-53@e77@f3
    
    古文字与上古汉语研究论稿/张连航著.-北京:中国社会科学出版社,2014.12
    266页;26cm
    
    
    ISBN 978-7-5161-4936-2:CNY56.00
    本书研究的主题是古文字与上古汉语。严格来说是研究古文字材料中所发现上古汉语的某些特征,让我们对上古汉语的特点有更多、更全面的认识。全书共分六章,分别讨论古文字考释、古文字材料与时代、国别的关系。这三章主要突出了古文字材料的时空坐标,以及古文字材料如何被初步的释读与研究。书稿还讨论了从古文字材料中所反映的文化语言现象,以及透过上述章节的梳理,所作出的推论及拟测。最后,全书以讨论工具书与古文字研究的关系作结。全书所讨论的古文字材料,年代跨度非常大。起自商代晚期(公元前13至汉代初年(公元前100年)。
●
相关链接 在E读中查询图书 在五车中查询图书 在当当中查询图书 在豆瓣中查询图书


正题名:古文字与上古汉语研究论稿     索取号:H109.2-53/77         预约/预借

序号 登录号 条形码 馆藏地/架位号 状态 备注
1 0961910   209619108   第二样本阅览室/ [索取号:H109.2-53/77] 在馆    
2 0961911   209619117   第四借阅区/ [索取号:H109.2-53/77] 在馆    
3 0961912   209619126   第四借阅区/ [索取号:H109.2-53/77] 在馆    
唐山师范学院图书馆 欢迎您!
大连网信软件有限公司© 版权所有